| 000 | 00392pab a2200109 454500 | ||
|---|---|---|---|
| 008 | 180718b xxu||||| |||| 00| 0 eng d | ||
| 100 | _aPatil, N.S | ||
| 245 | _aDifficulties experienced in municipal administrations in Maharashtra | ||
| 650 | _aMinicipal Government - India - Maharashtra | ||
| 773 | _aQuarterly Journal of the All - India Institute of Local Self-Government, Bombay | ||
| 909 | _a21393 | ||
| 999 |
_c21393 _d21393 |
||